000 00362nam a2200145Ia 4500
008 230917s9999||||xx |||||||||||||| ||und||
040 _e62312
_aMAIN
041 _aEnglish
082 _a811.4 F929B:R
100 _aBarry, Elaine
245 0 _aRobert Frost on writing
260 _aNew Jersey
_bRutgers University
_c1973
300 _axii, 187 p.
942 _cBK
999 _c209626
_d209626